Ganadores de Balón de Oro - ¡Muerte súbita! - Estadísticas

Estadísticas generales
  • Esta prueba ha sido intentada 218.981 veces
    68.707 desde el último reinicio
  • La puntuación promedio es 11 de 35
Answers on the Grid
Answers color-coded by a green-red scale on the quiz's grid according to % correct below.
Alan Shearer
Alfredo Di Stéfano
Andrés Iniesta
Andrij Ševčenko
Antoine Griezmann
Bobby Charlton
Bobby Moore
Cristiano Ronaldo
David Beckham
Davor Šuker
Deco
Dejan Savićević
Dennis Bergkamp
Dino Zoff
Emilio Butragueño
Éric Cantona
Erling Haaland
Eusébio
Fabio Cannavaro
Ferenc Puskás
Fernando Torres
Franck Ribéry
Franco Baresi
Frank Lampard
Frank Rijkaard
Franz Beckenbauer
Gary Lineker
George Best
George Weah
Gerd Müller
Gianluigi Buffon
Gianni Rivera
Gigi Riva
Hristo Stoičkov
Jean-Pierre Papin
Jimmy Greaves
Johan Cruyff
Jude Bellingham
Jürgen Klinsmann
Karim Benzema
Karl-Heinz Rummenigge
Kenny Dalglish
Kevin De Bruyne
Kylian Mbappé
Lev Yashin
Lionel Messi
Lothar Matthäus
Luís Figo
Luka Modrić
Manuel Neuer
Marco van Basten
Matthias Sammer
Michael Owen
Michel Platini
Neymar
Ousmane Dembélé
Paolo Maldini
Paolo Rossi
Pavel Nedvěd
Raúl
Rivaldo
Robert Lewandowski
Roberto Baggio
Rodri
Ronaldinho
Ronaldo
Ruud Gullit
Salvatore Schillaci
Sandro Mazzola
Steven Gerrard
Thierry Henry
Vinícius Júnior
Virgil van Dijk
Xavi
Zinédine Zidane
 
Estadísticas de respuestas
Respuesta % Correcto
Lionel Messi
49%
Cristiano Ronaldo
46%
Rodri
46%
Luka Modrić
45%
Ronaldo
45%
Karim Benzema
43%
Ronaldinho
43%
Zinédine Zidane
42%
Ousmane Dembélé
41%
Johan Cruyff
40%
Luís Figo
38%
Fabio Cannavaro
35%
Lev Yashin
34%
Michel Platini
33%
Alfredo Di Stéfano
32%
Franz Beckenbauer
32%
Michael Owen
31%
Marco van Basten
30%
Pavel Nedvěd
29%
Rivaldo
29%
George Weah
28%
Gerd Müller
26%
Andrij Ševčenko
25%
Eusébio
25%
George Best
25%
Roberto Baggio
25%
Ruud Gullit
24%
Lothar Matthäus
22%
Bobby Charlton
21%
Hristo Stoičkov
20%
Karl-Heinz Rummenigge
17%
Jean-Pierre Papin
16%
Matthias Sammer
14%
Paolo Rossi
14%
Gianni Rivera
8%
No se encontraron pruebas coincidentes
Distribución de puntuación
Porcentaje de gente con cada puntuación
Porcentaje por número respondido
Historial de tus puntuaciones
No has intentado esta prueba desde el último reinicio